| 000 | 02503cam a22004694i 4500 | ||
|---|---|---|---|
| 003 | PE-LiUPU | ||
| 005 | 20250731173413.0 | ||
| 008 | 150706s2011 flu r 000 0 spa d | ||
| 020 | _a9780789919502 | ||
| 035 | _a(Sirsi) i9780789919502 | ||
| 040 |
_aPE-LiUPU _bspa _cPE-LiUPU _erda |
||
| 049 | _aPRUA | ||
| 082 | 0 | 4 |
_a231.3 _bY94 _221 |
| 100 | 1 |
_aYrion, Josué, _eautor. |
|
| 245 | 1 | 0 |
_aEspíritu Santo necesito conocerte más : _bvive de una manera que lo refleje a Él / _cJosué Yrion. |
| 264 | 1 |
_aMiami, FL. : _bUNILIT, _c2011. |
|
| 300 |
_a318 páginas ; _c22 centímetros |
||
| 336 |
_atext _2rdacontent |
||
| 337 |
_aunmediated _2rdamedia |
||
| 338 |
_avolume _2rdacarrier |
||
| 500 | _aVive de una manera que lo refleje a Él -- en cubierta. | ||
| 505 | 0 | _a¿Quién es el Espíritu Santo? -- El Espíritu Santo en la creación -- La dispensación del Espíritu Santo -- La divinidad del Espíritu Santo -- La personalidad del Espíritu Santo -- Los nombres del Espíritu Santo -- Los símbolos del Espíritu Santo -- El mover del Espíritu Santo en el Antiguo y Nuevo Testamento -- El Espíritu Santo en la vida y ministerio de Cristo -- La convicción del Espíritu Santo en la conversión del pecador -- La influencia y la inspiración del Espíritu Santo -- El Espíritu Santo y su obra en la iglesia -- El Espíritu Santo es llamado consolador -- El Espíritu Santo y la oración -- El Espíritu Santo y el ayuno -- El Espíritu Santo y la Palabra -- La promesa y la presencia del Espíritu Santo -- El Bautismo en el Espíritu Santo -- ¿Por qué es necesario el bautismo en el Espíritu Santo? -- La evidencia del bautismo en el Espíritu Santo. | |
| 526 | _aSEG42 | ||
| 526 | _aSEG41 | ||
| 526 | _aSEG40 | ||
| 526 | _aSEG39 | ||
| 526 | _aP94 | ||
| 526 | _aP87 | ||
| 526 | _aP86 | ||
| 526 | _aP85 | ||
| 526 | _aP77 | ||
| 526 | _aP76 | ||
| 526 | _aP35 | ||
| 541 | _g001-0000557; | ||
| 650 | 0 | 4 |
_aEspíritu Santo. _91618 |
| 910 |
_agl _bjv _clch _d20111207 |
||
| 942 |
_2ddc _cBOOK |
||
| 949 |
_a231.3 Y94 1 _wDEWEY _c1 _i64095 _lCCODEBUL1 _mBUL _p15.00 _r0 _sY _tBOOK _u2015-7-6 _xTEOLOGIA _PP35 _o.STAFF. Colección Teología |
||
| 994 |
_aC0 _bPEPRU |
||
| 596 | _a1 | ||
| 999 |
_a231.3 Y94 1 _wDEWEY _c52935 _i64095 _d52935 _e2019-5-29 _f2021-11-9 _g5 _lCCODEBUL1 _mBUL _n7 _p15.00 _r0 _sY _tBOOK _u2015-7-6 _xTEOLOGIA _PP35 _0COMPRA _o.STAFF. Colección Teología |
||
| 980 |
_81 _gALBERTO SANCHEZ Responsable de Automatización |
||